| 000 | 00401pab a2200157 454500 | ||
|---|---|---|---|
| 008 | 180718b2014 xxu||||| |||| 00| 0 eng d | ||
| 100 | _aMani, Lata | ||
| 245 | _aSex and the signal-free corridor - towards a new feminist imaginary | ||
| 260 | _c2014 | ||
| 300 | _ap.26-29. | ||
| 362 | _a8 Feb | ||
| 650 | _aSex roles | ||
| 773 | _aEconomic and Political Weekly | ||
| 908 | _aN | ||
| 909 | _a102489 | ||
| 999 |
_c102487 _d102487 |
||